| 000 -LEADER |
| fixed length control field |
00814cam a2200217 i 4500 |
| 003 - CONTROL NUMBER IDENTIFIER |
| control field |
OSt |
| 005 - DATE AND TIME OF LATEST TRANSACTION |
| control field |
20260416153156.0 |
| 008 - FIXED-LENGTH DATA ELEMENTS--GENERAL INFORMATION |
| fixed length control field |
140809s2014 ii ab b 001 0 eng d |
| 020 ## - INTERNATIONAL STANDARD BOOK NUMBER |
| International Standard Book Number |
9789383098439 |
| Qualifying information |
pbk. |
| 037 ## - SOURCE OF ACQUISITION |
| Source of stock number/acquisition |
Library of Congress -- New Delhi Overseas Office |
| 043 ## - GEOGRAPHIC AREA CODE |
| Geographic area code |
a-ii--- |
| 082 04 - DEWEY DECIMAL CLASSIFICATION NUMBER |
| Classification number |
728.095487 |
| Edition number |
23 |
| 100 1# - MAIN ENTRY--PERSONAL NAME |
| Personal name |
Chinnappa, Boverianda, |
| Relator term |
author. |
| 245 10 - TITLE STATEMENT |
| Title |
Ainmanes of Kodagu : |
| Remainder of title |
ancestral homes of Kodagu and their socio-cultural significance / |
| Statement of responsibility, etc |
Chinnappa Boverianda and Nanjamma. |
| 300 ## - PHYSICAL DESCRIPTION |
| Extent |
276 pages : |
| Other physical details |
illustrations (chiefly color), maps ; |
| Dimensions |
22 cm |
| 504 ## - BIBLIOGRAPHY, ETC. NOTE |
| Bibliography, etc |
Includes bibliographical references (pages 254-257) and index. |
| 650 #0 - SUBJECT ADDED ENTRY--TOPICAL TERM |
| Topical term or geographic name as entry element |
Architecture, Domestic |
| Geographic subdivision |
India |
| -- |
Kodagu. |
| 650 #0 - SUBJECT ADDED ENTRY--TOPICAL TERM |
| Topical term or geographic name as entry element |
Dwellings |
| Geographic subdivision |
India |
| -- |
Kodagu. |
| 700 1# - ADDED ENTRY--PERSONAL NAME |
| Personal name |
Nanjamma, Boverianda, |
| Relator term |
author. |
| 942 ## - ADDED ENTRY ELEMENTS (KOHA) |
| Source of classification or shelving scheme |
|